000 00698nam a2200241Ia 4500
003 OSt
005 20220927105554.0
006 a|||||r|||| 00| 0
007 ta
008 220926b |||||||| |||| 00| 0 eng d
024 _a186772
037 _cReference Collections
040 _aRTL
_cRTL
_beng
041 _2eng
_aeng
082 _a"V1N45,93:3.(Z1,75).N52r, J2"
110 _aUNITED NATIONS
245 0 _aReport ot the committee on international criminal jurisdiction.
260 _aNew
_bYork UN
_c1952
300 _a"iv,25p."
_ccm.
700 _aUNITED NATIONS
942 _h"V1N45,93:3.(Z1,75).N52r, J2"
_cCC
999 _c693189
_d693189